Базы данных: проектирование, реализация и сопровождение: Теория и практика. пер. с англ.

Bibliografski detalji
Glavni autor: Коннолли Т. Томас
Daljnji autori: Бегг К. Каролин, Страчан А. Анна
Jezik:ruski
Izdano: Москва, Вильямс, 2000
Izdanje:2-е изд., испр. и доп.
Teme:
Format: Knjiga
KOHA link:https://koha.lib.tpu.ru/cgi-bin/koha/opac-detail.pl?biblionumber=29584

MARC

LEADER 00000nam0a2200000 4500
001 29584
005 20231030203540.0
010 |a 584590109X 
035 |a (RuTPU)RU\TPU\book\29849 
035 |a BOOK00029924 
090 |a 29584 
100 |a 20011209d2000 m y0rusy50 ca 
101 1 |a rus  |c eng 
102 |a RU 
105 |a a z 001zy 
200 1 |a Базы данных: проектирование, реализация и сопровождение  |e Теория и практика. пер. с англ.  |f Т. Коннолли, К. Бегг, А. Страчан 
205 |a 2-е изд., испр. и доп. 
210 |a Москва  |c Вильямс  |d 2000 
215 |a 1111 с. 
320 |a Библиогр.: с. 1081-1100. 
320 |a Предм. указ.: с. 1101-1111. 
610 1 |a программирование 
610 1 |a базы данных 
610 1 |a проектирование 
610 1 |a эксплуатация 
610 1 |a сопровождение 
610 1 |a теория 
610 1 |a практика 
610 1 |a учебные пособия 
675 |a 681.3.016(07)  |v 3 
700 1 |a Коннолли  |b Т.  |g Томас 
701 1 |a Бегг  |b К.  |g Каролин 
701 1 |a Страчан  |b А.  |g Анна 
801 0 |a RU  |b 63413507  |c 20011209  |g PSBO 
801 2 |a RU  |b 63413507  |c 20130717  |g PSBO 
942 |c BK